Зарождение войны. Борьба прогрессивных сил за сохранение мира; История второй мировой войны. 1939-1945

Detaylı Bibliyografya
Parent link:История второй мировой войны. 1939-1945: В 12-ти томах/ под ред. А. А. Гречко. Т. 1.— , 1973
Dil:Rusça
Baskı/Yayın Bilgisi: 1973
Konular:
Materyal Türü: Kitap
KOHA link:https://koha.lib.tpu.ru/cgi-bin/koha/opac-detail.pl?biblionumber=15641

MARC

LEADER 00000nam0a2200000 4500
001 15641
005 20240920163934.0
035 |a (RuTPU)RU\TPU\book\15753 
035 |a BOOK00000441 
090 |a 15641 
100 |a 20011209d1973 km y0rusy50 ca 
101 0 |a rus 
102 |a RU 
105 |a y z 000zy 
200 1 |a Зарождение войны. Борьба прогрессивных сил за сохранение мира 
210 |d 1973 
215 |a 367 с. 
461 |t История второй мировой войны. 1939-1945  |v Т. 1  |o В 12-ти томах  |f под ред. А. А. Гречко  |d 1973 
606 |a Вторая мировая война 1939-1945  |x История  |9 81314 
610 1 |a 20 век 
686 |a Т3(0)62  |2 rubbk 
801 0 |a RU  |b 63413507  |c 20011209  |g PSBO 
801 2 |a RU  |b 63413507  |c 20121128  |g PSBO 
942 |c BK